La vida sexual de la pareja / (Record no. 149277)

MARC details
000 -LEADER
campo de control de longitud fija 00494nam a2200169 i 4500
001 - NÚMERO DE CONTROL
campo de control 149277
003 - IDENTIFICADOR DE NÚMERO DE CONTROL
campo de control ES-MaACL
005 - FECHA Y HORA DE LA ÚLTIMA TRANSACCIÓN
campo de control 20230906203025.0
007 - CAMPO FIJO DE DESCRIPCIÓN FÍSICA--INFORMACIÓN GENERAL
campo de control de longitud fija t|
008 - DATOS DE LONGITUD FIJA--INFORMACIÓN GENERAL
campo de control de longitud fija 071019s1972 sp ||||1| spa d
100 1# - ENTRADA PRINCIPAL--NOMBRE DE PERSONA
Nombre de persona Vellay, Pierre.
9 (RLIN) 113853
245 13 - MENCIÓN DEL TÍTULO
Título La vida sexual de la pareja /
Mención de responsabilidad, etc. Pierre Vellay ; [traducción de J. M. de Burgos].
260 ## - PUBLICACIÓN, DISTRIBUCIÓN, ETC.
Lugar de publicación, distribución, etc. Barcelona :
Nombre del editor, distribuidor, etc. Clio,
Fecha de publicación, distribución, etc. 1972.
300 ## - DESCRIPCIÓN FÍSICA
Extensión 94 p. ;
Dimensiones 20 cm.
700 1# - ENTRADA AGREGADA--NOMBRE PERSONAL
Nombre de persona Burgos, J. M. de.
9 (RLIN) 32651
852 ## - LOCALIZACIÓN
Ubicación ES-MaACL
Número de control de estantería C-48086
Sublocalización o colección R.81295
Holdings
Estatus retirado Estado de pérdida Estado de daño No para préstamo Biblioteca de origen Biblioteca actual Ubicación en estantería Fecha de adquisición Fuente de adquisición Total de préstamos Signatura topográfica completa Código de barras Visto por última vez Precio de reemplazo Tipo de ítem Koha
        Biblioteca del Ateneo de Madrid Biblioteca del Ateneo de Madrid Depósito 2 17/01/2008     C-48086 1155773 23/02/2023 23/02/2023 Libro impreso